Guessing the Taylor Swift Song - Statistics

General Stats
  • This quiz has been taken 27 times
  • The average score is 240 of 310
Answer Stats
Answer % Correct
a
100%
I
100%
it
100%
It
100%
the
100%
You
100%
you
100%
and
95%
And
95%
I'm
95%
in
95%
to
95%
us
95%
your
95%
are
89%
But
89%
but
89%
can
89%
me
89%
my
89%
on
89%
so
89%
too
89%
You're
89%
you're
89%
I'll
84%
look
84%
not
84%
of
84%
that
84%
what
84%
can't
79%
face
79%
for
79%
gorgeous
79%
Gorgeous
79%
her
79%
know
79%
mine
79%
More
79%
than
79%
this
79%
at
74%
At
74%
'Cause
74%
don't
74%
got
74%
have
74%
If
74%
if
74%
should
74%
anything
68%
doin'
68%
eyes
68%
fun
68%
hate
68%
He's
68%
like
68%
Lookin'
68%
say
68%
take
68%
talk
68%
want
68%
way
68%
as
63%
back
63%
being
63%
boyfriend
63%
By
63%
club
63%
here
63%
home
63%
mad
63%
make
63%
makes
63%
much
63%
older
63%
sad
63%
think
63%
actually
58%
alone
58%
blue
58%
cats
58%
come
58%
compliment
58%
drunk
58%
feel
58%
furious
58%
girlfriend
58%
hand
58%
happy
58%
honestly
58%
hurts
58%
jealous
58%
just
58%
made
58%
making
58%
nothing
58%
single
58%
strong
58%
that's
58%
There's
58%
turns
58%
Unless
58%
worse
58%
You've
58%
about
53%
along
53%
cool
53%
die
53%
Guess
53%
ice
53%
life
53%
magnetic
53%
might
53%
Ocean
53%
Whiskey
53%
consequence
47%
drown
47%
field
47%
little
47%
ruined
47%
Sink
47%
Sunset
47%
talking
47%
Vine
47%
everyone
42%
room
42%
stumble
42%
touching
42%
darkened
32%
No matching quizzes found
Score Distribution
Percent of People with Each Score
Percentile by Number Answered
Your Score History
You have not taken this quiz